UBT Library

Business : (Record no. 1215)

000 -LEADER
fixed length control field 00609nam a22002057a 4500
008 - FIXED-LENGTH DATA ELEMENTS--GENERAL INFORMATION
fixed length control field 151002b xxu||||| |||| 00| 0 eng d
020 ## - INTERNATIONAL STANDARD BOOK NUMBER
International Standard Book Number 9780324655544
020 ## - INTERNATIONAL STANDARD BOOK NUMBER
International Standard Book Number 0324655541
041 0# - LANGUAGE CODE
Language code of text/sound track or separate title eng
080 ## - UNIVERSAL DECIMAL CLASSIFICATION NUMBER
Universal Decimal Classification number 658:174.4
100 ## - Rafti
Rafti Jennings, Marianne.
245 10 - TITLE STATEMENT
Title Business :
Statement of responsibility, etc Marianne Moody Jennings.
250 ## -
-- 8th ed.
260 ## -
-- Mason, OH :
-- South-Western Cengage Learning,
-- 2009.
300 ## -
-- 1 v. (various pagings) :
-- me il.;
-- 27 cm.
650 #0 -
-- Etika në biznes
650 #0 -
-- E drejta biznesore
650 #0 -
-- Ligjet
942 ## - ADDED ENTRY ELEMENTS (KOHA)
Source of classification or shelving scheme
Item type Books
Holdings
Withdrawn status Lost status Source of classification or shelving scheme Damaged status Not for loan Collection code Permanent location Current location Shelving location Date acquired Total Checkouts Full call number Barcode Date last seen Koha item type
          Koleksioni i përgjithshem UBT - Lipjan UBT - Lipjan Koleksioni i përgjithshem 10/02/2015   658:174.4 JEN 002-008479 10/02/2015 Books
UBT Library © 2015-2024. All rights reserved University Education for Business and Technology